Estadísticas para Reyes medievales de España

Haz click aquí para intentar la prueba.

Estadísticas generales

  • Esta prueba ha sido intentada 335 veces
  • La puntuación promedio es 69 de 102

Estadísticas de respuestas

añosMonarch% Correcto
Reino de León1037-1065Fernando I
93%
Corona de Aragón1412-1416Fernando I
93%
Corona de Aragón1479-1516Fernando II
93%
Reino de León1157-1188Fernando II
93%
Corona de Castilla1217-1252Fernando III
93%
Corona de Castilla1295-1312Fernando IV
93%
Corona de Castilla1474-1504Isabel I
92%
Corona de Castilla1379-1390Juan I
91%
Corona de Aragón1387-1396Juan I
91%
Reino de Navarra1316Juan I
91%
Corona de Aragón1458-1479Juan II
91%
Reino de Navarra1441-1479Juan II
91%
Corona de Castilla1406-1454Juan II
91%
Reino de Navarra1104-1134Alfonso I
90%
Reino de Asturias739-757Alfonso I
90%
Reino de Aragón1104-1134Alfonso I
90%
Reino de Asturias791-842Alfonso II
90%
Corona de Aragón1164-1196Alfonso II
90%
Corona de Aragón1285-1291Alfonso III
90%
Reino de Asturias866-911Alfonso III
90%
Reino de León925-931Alfonso IV
90%
Corona de Aragón1327-1336Alfonso IV
90%
Reino de León1188-1230Alfonso IX
90%
Corona de Aragón1416-1458Alfonso V
90%
Reino de León999-1028Alfonso V
90%
Reino de León1065-1072Alfonso VI
90%
Reino de León1072-1109Alfonso VI
90%
Reino de León1126-1157Alfonso VII
90%
Reino de Castilla1158-1214Alfonso VIII
90%
Corona de Castilla1252-1284Alfonso X
90%
Corona de Castilla1312-1350Alfonso XI
90%
Reino de Navarra1316-1322Felipe II
85%
Reino de Navarra1322-1328Carlos I
84%
Reino de Navarra1349-1387Carlos II
84%
Reino de Navarra1387-1425Carlos III
84%
Reino de Navarra1094-1104Pedro I
76%
Reino de Aragón1094-1104Pedro I
76%
Corona de Castilla1350-1366Pedro I
76%
Corona de Aragón1196-1213Pedro II
76%
Corona de Aragón1276-1285Pedro III
76%
Corona de Aragón1336-1387Pedro IV
76%
Reino de Asturias718-737Pelayo
76%
Reino de Navarra905-925Sancho Garcés I
74%
Reino de Navarra970-994Sancho Garcés II
74%
Reino de Navarra1004-1035Sancho Garcés III
74%
Reino de Navarra1054-1076Sancho Garcés IV
74%
Reino de León960-966Sancho I
74%
Reino de León956-958Sancho I
74%
Reino de Aragón1063-1094Sancho I
74%
Reino de León1072Sancho II
74%
Reino de Castilla1065-1072Sancho II
74%
Reino de Castilla1157-1158Sancho III
74%
Corona de Castilla1284-1295Sancho IV
74%
Reino de Navarra1076-1094Sancho Ramírez V
74%
Reino de Navarra1150-1194Sancho VI
74%
Reino de Navarra1194-1234Sancho VII
74%
Reino de León1109-1126Urraca I
66%
Reino de Navarra1271-1274Enrique I
65%
Reino de Castilla1214-1217Enrique I
65%
Corona de Castilla1366-1379Enrique II
65%
Corona de Castilla1390-1406Enrique III
65%
Corona de Castilla1454-1474Enrique IV
65%
Corona de Aragón1213-1276Jaime I
64%
Corona de Aragón1291-1327Jaime II
64%
Reino de Navarra1305-1316Luis I
61%
Reino de Navarra1274-1305Juana I
56%
Reino de Navarra1328-1349Juana II
56%
Reino de Aragón1035-1063Ramiro I
55%
Reino de Asturias842-850Ramiro I
55%
Reino de León931-951Ramiro II
55%
Reino de Aragón1134-1157Ramiro II
55%
Reino de León966-984Ramiro III
55%
Reino de León911-914García I
54%
Reino de Navarra851/52-882García Íñiguez
54%
Reino de Navarra1134-1150García Ramírez
54%
Reino de Navarra925-970García Sánchez I
54%
Reino de Navarra994-1000García Sánchez II
54%
Reino de Navarra1035-1054García Sánchez III
54%
Reino de Navarra816-851/52Íñigo Arista
47%
Reino de Navarra1479-1483Francisco I
45%
Corona de Aragón1396-1410Martín I
45%
Reino de Navarra1425-1441Blanca I
43%
Reino de Asturias850-866Ordoño I
43%
Reino de León914-924Ordoño II
43%
Reino de León951-956Ordoño III
43%
Reino de León958-960Ordoño IV
43%
Reino de Asturias757-768Fruela I
41%
Reino de León924-925Fruela II
41%
Reino de Asturias737-739Favila
38%
Reino de Navarra1479Leonor I
37%
Reino de Castilla1217Berenguela
36%
Reino de Asturias788-791Bermudo I
36%
Reino de León984-999Bermudo II
36%
Reino de León1028-1037Bermudo III
36%
Reino de Aragón1157-1164Petronila I
35%
Reino de Navarra1483-1512Catalina I
33%
Reino de Asturias783-788Mauregato
33%
Reino de Asturias768-774Aurelio
31%
Reino de Asturias774-783Silo
31%
Reino de Navarra1234-1253Teobaldo I
31%
Reino de Navarra1253-1270Teobaldo II
31%
Reino de Navarra882-905Fortún Garcés
30%

Distribución de puntuación

Porcentaje por número respondido

Porcentaje de gente con cada puntuación

Historial de tus puntuaciones

No has intentado esta prueba.